| 000 | 01128cam a2200349 a 4500 | ||
|---|---|---|---|
| 001 | 6362 | ||
| 003 | FISKH | ||
| 005 | 20250424090753.0 | ||
| 008 | 080307s2009 nyua b 000 1 eng | ||
| 010 | _a 2008001719 | ||
| 020 | _a9780803733398 | ||
| 020 | _a9780545255097 | ||
| 040 |
_aDLC _cDLC _dDLC _beng |
||
| 050 | _aPZ7.S696224 L | ||
| 082 | _a808.068 | ||
| 100 | 1 | _aSoman, David. | |
| 245 | 1 | 0 |
_aLadybug Girl and Bumblebee Boy / _cby David Soman and Jacky Davis ; pictures by David Soman. |
| 250 | _aThis edition first printing, April 2013 | ||
| 260 |
_aNew York : _bScholastic, _c2009. |
||
| 300 |
_a36 unnumbered pages : _ccolor illustrations ; _c21 x 24 cm. |
||
| 505 | _aN | ||
| 520 | _aLulu, dressed as Ladybug Girl, goes to the playground and makes new friends, including Bumblebee Boy. | ||
| 521 | 8 |
_a580
_bLexile AD |
|
| 521 | 8 |
_aN
_bRaz-Plus |
|
| 650 | 1 |
_aImagination _vFiction. |
|
| 650 | 1 |
_aPlay _vFiction. |
|
| 650 | 1 |
_aFriendship _vFiction. |
|
| 700 | 1 |
_aDavis, Jacky, _d1966- _eAuthor |
|
| 906 |
_a7 _bcbc _corignew _d1 _eecip _f20 _gy-gencatlg |
||
| 942 |
_2ddc _cBK _n0 |
||
| 999 |
_c6362 _d6362 |
||